000 00446nam a2200145Ia 4500
008 231129s2009||||xx |||||||||||||| ||spa||
020 _a978-84-8445-232-4
040 _bspa
082 _a398.2 B291b
100 _aBartlett Sarah
245 0 _aLa biblia de la mitologí­a: Todo lo que necesitas saber sobre la mitologí­a
260 _c2009
264 _aMadrid España : Gaia Ediciones
942 _2ddc
_cBKS
999 _c16478
_d16478